000 01024nmm a2200301 a 4500
001 ocm0002015338
003 TR-IsHL
005 20201028175250.0
008 181019s2017 tu tur
007 cr cn
020 _a9786059521741
035 _a2015338
_b(N$T)
050 0 4 _aPL182
_b.K37 2017
090 0 4 _aPL182
_b.K37 2017
100 1 _aKaraman, Burcu İlkay
245 1 0 _aTerimbilimi
_h[electronic resource] /
_cBurcu İlkay Karaman ; Genel Yayın Yönetmeni Ahmet Nuri Yüksel
250 _a1. bs.
260 _aİstanbul :
_bBilge Kültür Sanat Yayınları,
_c2017
300 _a192 p.
500 _aKaynakça var.
650 4 _aDil ve Edebiyat
650 4 _aLanguage and Literature
650 0 _aTürk dili
_x Sözlükler
650 0 _aTurkish language
_x Dictionaries
650 7 _aLANGUAGE ARTS & DISCIPLINES / Linguistics / General
_2bisacsh
700 1 _aYüksel, Ahmet Nuri
856 4 0 _uhttp://search.ebscohost.com/login.aspx?direct=true&scope=site&db=e011xww&AN=2015338
999 _c18586
_d18586